| 000 | 00773naa a2200217 4500 | ||
|---|---|---|---|
| 001 | 108120 | ||
| 003 | ES-MaBCM | ||
| 005 | 20241016140225.0 | ||
| 008 | 050421s2005 gbr|r0p 0 ||eng d | ||
| 021 | _axx | ||
| 035 | _a(OCoLC)1365205711 | ||
| 040 | _cES-MaBCM | ||
| 100 | 1 |
_aMeyer, Christoph _931084 |
|
| 245 | 0 | 0 |
_aThe europeanization of media discourse _b: a study of quality press coverage of economic policy co-ordination since Amsterdam _cChristoph O. Meyer |
| 520 | 0 | _aContiene bibliografía | |
| 650 | 1 | 7 |
_aPolítica económica _959827 |
| 650 | 1 | 4 |
_aUnión Europea _952895 |
| 650 | 7 |
_aMedios de comunicación de masas _958014 |
|
| 773 | 0 |
_aEn: _t. Journal of common market studies _dOxford _w104670 _gVol. 43 (2005) No. 1 (Mar.), p. 121-148 |
|
| 942 | _cAREV | ||
| 999 |
_c108120 _d108120 |
||